000 00640nam a2200241Ia 4500
003 OSt
005 20220924130216.0
006 a|||||r|||| 00| 0
007 ta
008 220923b |||||||| |||| 00| 0 per d
024 _a328270
037 _cTextual
040 _aARTS
_cARTS
_bper
041 _2per
_aper
082 _aO164,3J47,12, G0
100 _aFaizi Au.
_9179896
245 0 _aDastan nal-o-daman
260 _aTehran
_bMuhammad Ali Fardin Iran
_c1930
300 _a180+43p.
_ccm.
650 _aPERSIAN FICTION
942 _hO164,3J47,12, G0
_cTEXL
_2CC
999 _c424288
_d424288